header

Chicken soup for the teenage soul : the real deal : school, cliques, classes, clubs, and more (Record no. 263484)

MARC details
000 -LEADER
fixed length control field 00287nam a22000977a 4500
020 ## - INTERNATIONAL STANDARD BOOK NUMBER
ISBN 0439692245
100 ## - MAIN ENTRY--AUTHOR NAME
Personal name Jack Canfield
245 ## - TITLE STATEMENT
Title Chicken soup for the teenage soul : the real deal : school, cliques, classes, clubs, and more
260 ## - PUBLICATION, DISTRIBUTION, ETC. (IMPRINT)
Place of publication New York
Name of publisher Scholastic
Year of publication 2005
942 ## - ADDED ENTRY ELEMENTS (KOHA)
Koha item type Long Loan Books
Holdings
Withdrawn status Lost status Collection code Home library Current library Shelving location Date acquired Accession Number Koha item type
    Fiction Rongo University Library Rongo University Library Children's Area 17/04/2024 CL2021307 Long Loan Books

© 2026 Rongo University
Contact us: librarian | system librarian | Rongo university